[Event "4. Moscu Open 2008"]
[Site "Moscu RUS"]
[Date "2008.02.04"]
[Round "3.116"]
[White "Tjurins, Ilja"]
[Black "Gorbatov, Alexej"]
[Result "0-1"]
[WhiteElo "2193"]
[BlackElo "2384"]
[PlyCount "95"]
[EventDate "2008.02.02"]
[EventType "swiss"]
[EventRounds "9"]
[EventCountry "RUS"]
[Source "lmi"]
[SourceDate "2008.02.02"]

1. d4 g6 2. Nf3 Bg7 3. Nc3 d5 4. Bf4 Nf6 5. e3 O-O 6. Be2 c5 7. Qd2 cxd4 8.
exd4 Nc6 9. Ne5 Be6 10. h4 h5 11. f3 Qa5 12. Nxc6 bxc6 13. Be5 c5 14. dxc5 Qxc5
15. O-O-O Qa5 16. Kb1 Rfd8 17. Qd4 Rab8 18. Qa4 Qxa4 19. Nxa4 Rb4 20. Nc5 Ne8
21. Nd3 Rb6 22. Bxg7 Kxg7 23. Nf4 Nc7 24. Rd4 Bf5 25. Ra4 a6 26. Kc1 Rdb8 27.
b3 e5 28. Nd3 Rc6 29. Kd2 e4 30. Nb4 Rc5 31. c4 exf3 32. gxf3 dxc4 33. Bxc4
Rd8+ 34. Ke2 Rxc4 35. bxc4 Rd3 36. Rc1 Ne6 37. Ra5 Nd4+ 38. Ke1 Re3+ 39. Kd2
Rd3+ 40. Ke1 Nxf3+ 41. Kf2 Be4 42. c5 Nd4 43. Ra4 f5 44. Rxa6 Rf3+ 45. Ke1 f4
46. Rc4 Re3+ 47. Kd1 Rd3+ 48. Kc1 0-1

[Event "4. Moscu Open 2008"]
[Site "Moscu RUS"]
[Date "2008.02.04"]
[Round "3.117"]
[White "Kaljaev, Viacheslav"]
[Black "Ahmed, Sk. Nasir"]
[Result "0-1"]
[WhiteElo "2137"]
[BlackElo "2379"]
[PlyCount "105"]
[EventDate "2008.02.02"]
[EventType "swiss"]
[EventRounds "9"]
[EventCountry "RUS"]
[Source "lmi"]
[SourceDate "2008.02.02"]

1. d4 Nf6 2. c4 e6 3. Nc3 Bb4 4. Bg5 h6 5. Bh4 b6 6. a3 Bxc3+ 7. bxc3 Bb7 8. f3
d6 9. e3 Nbd7 10. Bd3 Qe7 11. h3 e5 12. e4 O-O-O 13. Ne2 g5 14. Bf2 Nh5 15. g4
Ng7 16. Ng3 h5 17. Kd2 Rh7 18. Qe2 Rdh8 19. Be3 Kb8 20. c5 dxc5 21. d5 Nf8 22.
Ba6 hxg4 23. Bxb7 Kxb7 24. hxg4 Ng6 25. Rxh7 Rxh7 26. Rh1 Rxh1 27. Nxh1 Nh4 28.
Ng3 Qf6 29. Nf5 Ngxf5 30. exf5 Qd8 31. Qd3 Nxf3+ 32. Ke2 Nh4 33. c4 Ng2 34. Qe4
Nxe3 35. Kxe3 f6 36. Qh1 Qd6 37. a4 c6 38. Ke4 cxd5+ 39. cxd5 Qd7 40. Qd1 Kc7
41. Qb3 Kd6 42. Qc4 Qb7 43. Qb3 Qh7 44. Qb5 Qh1+ 45. Ke3 Qd1 46. Qe8 Qd4+ 47.
Ke2 Qxg4+ 48. Ke1 Qe4+ 49. Kd2 Qxf5 50. Qb8+ Ke7 51. Ke1 Qe4+ 52. Kf2 Qxa4 53.
Qg8 0-1

[Event "4. Moscu Open 2008"]
[Site "Moscu RUS"]
[Date "2008.02.04"]
[Round "3.118"]
[White "Lebedev, Sergey"]
[Black "Novikov, Valeri"]
[Result "1-0"]
[WhiteElo "2590"]
[BlackElo "2143"]
[PlyCount "85"]
[EventDate "2008.02.02"]
[EventType "swiss"]
[EventRounds "9"]
[EventCountry "RUS"]
[Source "lmi"]
[SourceDate "2008.02.02"]

1. d4 d5 2. c4 c6 3. Nf3 Nf6 4. Qc2 g6 5. Bf4 Bg7 6. Nc3 O-O 7. e3 Na6 8. h3
Ne4 9. Be2 Nb4 10. Qb3 a5 11. a3 Nxc3 12. Qxc3 dxc4 13. axb4 axb4 14. Qc1 Rxa1
15. Qxa1 b5 16. O-O Qb6 17. Be5 f6 18. Bg3 Bf5 19. Qe1 c5 20. e4 Be6 21. d5 Bf7
22. Qc1 e6 23. Rd1 exd5 24. exd5 Rd8 25. d6 Bf8 26. Qf4 Kg7 27. h4 h6 28. d7
Qe6 29. Qc7 Be7 30. Bf1 c3 31. bxc3 bxc3 32. Bxb5 c2 33. Rf1 Qb3 34. Bc6 g5 35.
hxg5 hxg5 36. Qa5 c4 37. Qa1 Rh8 38. Bd5 Bc5 39. Bc7 g4 40. Nd2 g3 41. Nxb3
gxf2+ 42. Rxf2 cxb3 43. Qc1 1-0

[Event "4. Moscu Open 2008"]
[Site "Moscu RUS"]
[Date "2008.02.04"]
[Round "3.119"]
[White "Onoprienko, Vladimir"]
[Black "Sychev, Klementy"]
[Result "1-0"]
[WhiteElo "2318"]
[BlackElo "2122"]
[PlyCount "57"]
[EventDate "2008.02.02"]
[EventType "swiss"]
[EventRounds "9"]
[EventCountry "RUS"]
[Source "lmi"]
[SourceDate "2008.02.02"]

1. e4 c5 2. Nc3 e5 3. Nd5 Nf6 4. Nxf6+ Qxf6 5. Ne2 Qd8 6. Nc3 Be7 7. Bc4 O-O 8.
O-O d6 9. d3 Nc6 10. f4 Be6 11. Bd5 exf4 12. Bxf4 Bf6 13. Qd2 Ne7 14. Bb3 Bd4+
15. Kh1 d5 16. exd5 Nxd5 17. Bg5 Qd7 18. Ne4 Qc7 19. c3 Be5 20. Qf2 Rac8 21.
Rae1 b6 22. d4 cxd4 23. cxd4 Bd6 24. Bh6 Rfe8 25. Bd2 Be7 26. Nc3 Qb7 27. Rxe6
fxe6 28. Qf7+ Kh8 29. Bc2 1-0

[Event "4. Moscu Open 2008"]
[Site "Moscu RUS"]
[Date "2008.02.04"]
[Round "3.120"]
[White "Alexeev, Alexey"]
[Black "Ezhikov, Vitaly"]
[Result "0-1"]
[WhiteElo "2316"]
[BlackElo "2314"]
[PlyCount "62"]
[EventDate "2008.02.02"]
[EventType "swiss"]
[EventRounds "9"]
[EventCountry "RUS"]
[Source "lmi"]
[SourceDate "2008.02.02"]

1. e4 c6 2. Nc3 d5 3. Nf3 Bg4 4. h3 Bh5 5. exd5 cxd5 6. Bb5+ Nc6 7. g4 Bg6 8.
Ne5 Qc7 9. Qe2 Rd8 10. d4 e6 11. Bf4 Qb6 12. O-O-O Nf6 13. h4 Bb4 14. Na4 Qa5
15. h5 Be4 16. Nxc6 bxc6 17. Bxc6+ Ke7 18. a3 Bd6 19. Bxd6+ Rxd6 20. b4 Qc7 21.
g5 Rxc6 22. gxf6+ gxf6 23. Nc5 Bxh1 24. Rxh1 Qf4+ 25. Qe3 Qxe3+ 26. fxe3 Rg8
27. Rh3 Rg2 28. Kb2 Rc8 29. b5 Rcg8 30. a4 R2g3 31. Rh1 Rxe3 0-1

[Event "4. Moscu Open 2008"]
[Site "Moscu RUS"]
[Date "2008.02.04"]
[Round "3.121"]
[White "Kurilenko, Vladimir"]
[Black "Belous, Vladimir"]
[Result "0-1"]
[WhiteElo "2129"]
[BlackElo "2312"]
[PlyCount "54"]
[EventDate "2008.02.02"]
[EventType "swiss"]
[EventRounds "9"]
[EventCountry "RUS"]
[Source "lmi"]
[SourceDate "2008.02.02"]

1. e4 c5 2. d4 cxd4 3. c3 Nf6 4. e5 Nd5 5. cxd4 Nc6 6. Bc4 Nb6 7. Bb3 d5 8. Nc3
Bf5 9. Nf3 e6 10. Bg5 Be7 11. Bxe7 Qxe7 12. Qd2 Bg4 13. Nb5 O-O 14. Rc1 Bxf3
15. gxf3 a6 16. Nd6 Nc8 17. Nxc8 Raxc8 18. h4 Nxd4 19. Rc3 Qb4 20. Rh3 Nxb3 21.
axb3 Rxc3 22. Qxc3 Qf4 23. Qe3 Qf5 24. Rg3 Qb1+ 25. Ke2 Rc8 26. Qd3 Rc2+ 27.
Ke3 Qc1+ 0-1

[Event "4. Moscu Open 2008"]
[Site "Moscu RUS"]
[Date "2008.02.04"]
[Round "3.122"]
[White "Antipov, Mikhail Al"]
[Black "Agaragimov, Djahangir"]
[Result "0-1"]
[WhiteElo "2114"]
[BlackElo "2314"]
[PlyCount "68"]
[EventDate "2008.02.02"]
[EventType "swiss"]
[EventRounds "9"]
[EventCountry "RUS"]
[Source "lmi"]
[SourceDate "2008.02.02"]

1. e4 c5 2. Nf3 g6 3. d4 cxd4 4. Nxd4 Bg7 5. c4 Nc6 6. Be3 Nf6 7. Nc3 O-O 8.
Be2 b6 9. O-O Bb7 10. f3 e6 11. Nxc6 Bxc6 12. Qd2 Qe7 13. Rfd1 d5 14. e5 Ne8
15. cxd5 exd5 16. f4 Nc7 17. Bf3 Rad8 18. Bd4 f6 19. Re1 fxe5 20. fxe5 Ne6 21.
Re2 Kh8 22. Rae1 Qb4 23. Be3 Ba8 24. Bg5 Rd7 25. Kh1 Rdf7 26. a3 Qc4 27. Rd1
Nxg5 28. Qxg5 d4 29. Qh4 Rxf3 30. gxf3 Bxf3+ 31. Kg1 Bxe2 32. Rxd4 Rf1+ 33. Kg2
Bf3+ 34. Kh3 Qe6+ 0-1

[Event "4. Moscu Open 2008"]
[Site "Moscu RUS"]
[Date "2008.02.04"]
[Round "3.123"]
[White "Musaev, Mansur"]
[Black "Markevich, Arseniy"]
[Result "1-0"]
[WhiteElo "2303"]
[BlackElo "2054"]
[PlyCount "65"]
[EventDate "2008.02.02"]
[EventType "swiss"]
[EventRounds "9"]
[EventCountry "RUS"]
[Source "lmi"]
[SourceDate "2008.02.02"]

1. e4 e6 2. d4 d5 3. Nc3 Nf6 4. e5 Ne4 5. Nce2 f5 6. h4 Be7 7. g3 c5 8. f3 Nxg3
9. Nxg3 Bxh4 10. N1e2 Nc6 11. c3 Bd7 12. Be3 g5 13. Bf2 h5 14. f4 g4 15. dxc5
Qe7 16. Qd3 O-O-O 17. b4 Rdf8 18. b5 Nxe5 19. fxe5 f4 20. c6 bxc6 21. bxc6 Bxc6
22. Rxh4 Qxh4 23. Qa6+ Bb7 24. Qxe6+ Kb8 25. Qd6+ Ka8 26. Qc5 d4 27. Qxd4 Kb8
28. Qxa7+ Kc8 29. Nf5 Qxf2+ 30. Kxf2 Rxf5 31. Qc5+ Kb8 32. Nd4 g3+ 33. Ke1 1-0

[Event "4. Moscu Open 2008"]
[Site "Moscu RUS"]
[Date "2008.02.04"]
[Round "3.124"]
[White "Adlai, Semion"]
[Black "Orlov, Nikolay I"]
[Result "0-1"]
[WhiteElo "2590"]
[BlackElo "2314"]
[PlyCount "56"]
[EventDate "2008.02.02"]
[EventType "swiss"]
[EventRounds "9"]
[EventCountry "RUS"]
[Source "lmi"]
[SourceDate "2008.02.02"]

1. e4 c5 2. c3 e6 3. d4 d5 4. exd5 exd5 5. Nf3 Nc6 6. Be2 Bd6 7. dxc5 Bxc5 8.
b4 Be7 9. O-O Nf6 10. Nd4 O-O 11. a4 Ne4 12. Bf3 Nxd4 13. Qxd4 Bf6 14. Qd3 Bf5
15. Qe3 Qc7 16. Bb2 Rfe8 17. Qc1 Rac8 18. Ra3 Be5 19. g3 Bh3 20. Re1 Bf6 21.
Bxe4 dxe4 22. Qe3 h6 23. Qxa7 e3 24. Rxe3 Rxe3 25. Qxe3 Qc6 26. f3 Re8 27. Qf2
Re1+ 28. Qxe1 Qxf3 0-1

[Event "4. Moscu Open 2008"]
[Site "Moscu RUS"]
[Date "2008.02.04"]
[Round "3.125"]
[White "Lyaskovsky, Valentin"]
[Black "Gvilava, Maya"]
[Result "0-1"]
[WhiteElo "2297"]
[BlackElo "2039"]
[PlyCount "80"]
[EventDate "2008.02.02"]
[EventType "swiss"]
[EventRounds "9"]
[EventCountry "RUS"]
[Source "lmi"]
[SourceDate "2008.02.02"]

1. e4 c5 2. Nf3 Nc6 3. d4 cxd4 4. Nxd4 Nf6 5. Nc3 d6 6. Bg5 e6 7. Qd2 Qb6 8.
Nb3 Be7 9. f3 O-O 10. O-O-O Rd8 11. Nb5 Rd7 12. Be3 Qd8 13. N5d4 Ne5 14. Bb5
Rc7 15. g4 a6 16. Be2 Nc4 17. Bxc4 Rxc4 18. h4 Bd7 19. Kb1 a5 20. h5 a4 21. Nc1
Rac8 22. g5 Ne8 23. g6 Qc7 24. h6 fxg6 25. hxg7 Kxg7 26. f4 Nf6 27. f5 e5 28.
fxg6 hxg6 29. Bg5 Rxd4 30. Nd3 Nxe4 31. Bh6+ Kf7 32. Qg2 Bf5 33. Be3 Rc4 34.
Rh7+ Ke6 35. Qh2 Rxc2 36. Qh6 Rxb2+ 37. Kxb2 Qc3+ 38. Kb1 Qc2+ 39. Ka1 Qxd1+
40. Nc1 a3 0-1

[Event "4. Moscu Open 2008"]
[Site "Moscu RUS"]
[Date "2008.02.04"]
[Round "3.126"]
[White "Chizhikov, Vladislav"]
[Black "Kurdakov, Yuri"]
[Result "1-0"]
[WhiteElo "2590"]
[BlackElo "2286"]
[PlyCount "69"]
[EventDate "2008.02.02"]
[EventType "swiss"]
[EventRounds "9"]
[EventCountry "RUS"]
[Source "lmi"]
[SourceDate "2008.02.02"]

1. e4 e6 2. d4 d5 3. Nc3 Bb4 4. e5 b6 5. Qg4 Bf8 6. Bg5 Qd7 7. f4 Ba6 8. Nge2
h6 9. Qh3 Nc6 10. O-O-O Nge7 11. Bxe7 Bxe7 12. g4 O-O-O 13. Ng3 Bxf1 14. Rhxf1
Na5 15. f5 Bg5+ 16. Kb1 Nc4 17. Rf2 Qe7 18. a3 Kb8 19. Ka2 c5 20. Nge2 Ne3 21.
Rd3 Nxc2 22. Nb5 Nxd4 23. Nexd4 cxd4 24. Nxd4 Qc5 25. fxe6 fxe6 26. Rc2 Qf8 27.
Nxe6 Qe7 28. Nxd8 Rxd8 29. Qg3 Qe6 30. b3 d4 31. Re2 Rd5 32. Rd1 Be3 33. Qf3
Qxe5 34. Rxe3 dxe3 35. Qxd5 1-0

[Event "4. Moscu Open 2008"]
[Site "Moscu RUS"]
[Date "2008.02.04"]
[Round "3.127"]
[White "Pletnev, Evgeniy"]
[Black "Mingaliev, Ildar"]
[Result "1-0"]
[WhiteElo "2285"]
[BlackElo "1977"]
[PlyCount "113"]
[EventDate "2008.02.02"]
[EventType "swiss"]
[EventRounds "9"]
[EventCountry "RUS"]
[Source "lmi"]
[SourceDate "2008.02.02"]

1. e4 e5 2. Nc3 Nf6 3. f4 d5 4. fxe5 Nxe4 5. Nf3 Bc5 6. d4 Bb4 7. Bd2 Be7 8.
Bd3 f5 9. exf6 Nxf6 10. Qe2 O-O 11. O-O-O Nc6 12. Rde1 Bb4 13. a3 Ba5 14. h3 a6
15. g4 Qd6 16. Rhf1 Bd7 17. Qf2 Rae8 18. Qh4 Bxc3 19. Bxc3 Ne4 20. Ne5 Rxf1 21.
Rxf1 g5 22. Qh5 Nxe5 23. dxe5 Qg6 24. Qxg6+ hxg6 25. Bd4 c5 26. Bxe4 dxe4 27.
Bxc5 Rxe5 28. Rf8+ Kg7 29. Rd8 Rd5 30. c3 Bc6 31. Bd4+ Kf7 32. Rh8 Rd6 33. Kd2
Ke6 34. Rg8 Kd5 35. b3 Re6 36. Ke3 Kd6 37. Rg7 Bd7 38. c4 b5 39. c5+ Kc6 40. b4
Be8 41. Ra7 Kd5 42. Rb7 Kc4 43. Rb6 Kd5 44. Bf6 Rxb6 45. cxb6 Kc6 46. Bxg5 Kxb6
47. Kxe4 Kc6 48. Ke5 Kd7 49. Kf6 Kd6 50. h4 Kd5 51. Ke7 Bc6 52. h5 gxh5 53.
gxh5 Kc4 54. h6 Be4 55. Kf7 Kb3 56. Bd8 Kxa3 57. Ba5 1-0

[Event "4. Moscu Open 2008"]
[Site "Moscu RUS"]
[Date "2008.02.04"]
[Round "3.128"]
[White "Kashlinskaya, Alina"]
[Black "Bochkov, Mikhail"]
[Result "0-1"]
[WhiteElo "2276"]
[BlackElo "2314"]
[PlyCount "74"]
[EventDate "2008.02.02"]
[EventType "swiss"]
[EventRounds "9"]
[EventCountry "RUS"]
[Source "lmi"]
[SourceDate "2008.02.02"]

1. d4 Nf6 2. c4 e6 3. Nc3 Bb4 4. e3 d5 5. Nf3 O-O 6. Bd3 b6 7. O-O Bb7 8. a3
Bxc3 9. bxc3 Nbd7 10. Bb2 Re8 11. Nd2 a6 12. Rc1 c5 13. cxd5 exd5 14. c4 dxc4
15. Bxc4 b5 16. Bd3 c4 17. Bb1 Nb6 18. Re1 Rc8 19. Ba1 Qd6 20. Bf5 Rcd8 21. e4
g6 22. e5 Qc6 23. Bh3 Nh5 24. Ne4 Nd7 25. Qd2 Nxe5 26. Qh6 Nd7 27. d5 Qxd5 28.
Bxd7 Rxd7 29. Qxh5 Rxe4 30. Rxe4 Qxe4 31. Qg5 Qd5 32. Re1 f6 33. Qg3 Kf7 34. f3
Qg5 35. Qb8 Qc5+ 36. Kh1 Re7 37. Qg3 Qxa3 0-1

[Event "4. Moscu Open 2008"]
[Site "Moscu RUS"]
[Date "2008.02.04"]
[Round "3.129"]
[White "Hudaberdin, Ravil"]
[Black "Matvienko, Ivan"]
[Result "0-1"]
[WhiteElo "2590"]
[BlackElo "2271"]
[PlyCount "54"]
[EventDate "2008.02.02"]
[EventType "swiss"]
[EventRounds "9"]
[EventCountry "RUS"]
[Source "lmi"]
[SourceDate "2008.02.02"]

1. d4 Nf6 2. c4 e6 3. Nc3 Bb4 4. a3 Bxc3+ 5. bxc3 c5 6. Qc2 Nc6 7. Nf3 b6 8.
Bg5 d6 9. e4 e5 10. Rd1 Qc7 11. h3 Nd7 12. Bh4 Ba6 13. Bg3 Na5 14. dxe5 dxe5
15. Qa4 O-O-O 16. Be2 f6 17. O-O Nb8 18. Nd2 Kb7 19. f4 Nbc6 20. fxe5 Nxe5 21.
Kh1 Qc6 22. Qxc6+ Nexc6 23. e5 Nxe5 24. Bxe5 fxe5 25. Bf3+ Kc7 26. Bd5 Rd7 27.
Rf5 Nxc4 0-1

[Event "4. Moscu Open 2008"]
[Site "Moscu RUS"]
[Date "2008.02.04"]
[Round "3.130"]
[White "Rozanov, Pavel B"]
[Black "Kanaev, Sergey"]
[Result "1-0"]
[WhiteElo "2253"]
[BlackElo "2314"]
[PlyCount "49"]
[EventDate "2008.02.02"]
[EventType "swiss"]
[EventRounds "9"]
[EventCountry "RUS"]
[Source "lmi"]
[SourceDate "2008.02.02"]

1. d4 d6 2. Nf3 Nc6 3. e4 Bg4 4. d5 Nb8 5. h3 Bh5 6. Nc3 a6 7. Be3 f6 8. Be2
Bf7 9. Nd4 h5 10. f4 g6 11. Qd2 Qc8 12. f5 gxf5 13. exf5 Bh6 14. O-O-O Bxe3 15.
Qxe3 Nd7 16. Ne6 Ne5 17. Kb1 Rh7 18. g4 Nh6 19. Qf4 Kd7 20. Ne4 Qh8 21. g5 fxg5
22. N4xg5 Rg8 23. Nxh7 Qxh7 24. Rdf1 Rg2 25. Nf8+ 1-0

[Event "4. Moscu Open 2008"]
[Site "Moscu RUS"]
[Date "2008.02.05"]
[Round "4.1"]
[White "Svetushkin, Dmitry"]
[Black "Efimenko, Zahar"]
[Result "1/2-1/2"]
[WhiteElo "2565"]
[BlackElo "2638"]
[PlyCount "146"]
[EventDate "2008.02.02"]
[EventType "swiss"]
[EventRounds "9"]
[EventCountry "RUS"]
[Source "lmi"]
[SourceDate "2008.02.02"]

1. d4 Nf6 2. c4 e6 3. Nf3 b6 4. Nc3 Bb4 5. Bg5 Bb7 6. Nd2 h6 7. Bh4 O-O 8. e4
Be7 9. Bg3 d6 10. Bd3 Nc6 11. Nb3 Nb4 12. Bb1 a5 13. O-O a4 14. Nc1 a3 15. b3
d5 16. cxd5 exd5 17. e5 Ne4 18. N3e2 c5 19. Bf4 Ba6 20. f3 Ng5 21. Nd3 cxd4 22.
Nxb4 Bxb4 23. Bd3 Bxd3 24. Qxd3 Rc8 25. Rac1 Ne6 26. Bg3 Qd7 27. f4 Nc5 28.
Qxd4 Qb5 29. Qe3 Ne4 30. Nd4 Bd2 31. Qf3 Qd7 32. Rcd1 Rc3 33. Qe2 Re3 34. Qh5
Rxg3 35. hxg3 Nxg3 36. Qf3 Nxf1 37. Kxf1 Bb4 38. Nc2 Qb5+ 39. Qd3 Qc5 40. Ne3
d4 41. Nf5 Qc8 42. Kg1 Rd8 43. Kh2 g6 44. Ng3 Qg4 45. Rf1 Be7 46. Ne4 Qf5 47.
g3 h5 48. Rc1 Kg7 49. Nf2 Qe6 50. Qe4 Rc8 51. Rxc8 Qxc8 52. Kg2 Bc5 53. Kf3 Qe6
54. Ke2 Qd7 55. Kf3 Bb4 56. Nd3 Be7 57. Nf2 Bc5 58. Qd3 Qc8 59. Qe4 Qd7 60. Qd3
Be7 61. Qe4 Bb4 62. Nd3 Qg4+ 63. Kg2 Bc5 64. Nf2 Qc8 65. Kf3 Qe6 66. Qd3 Qd7
67. Qe4 Bb4 68. Nd3 Bd2 69. Kg2 Be3 70. Ne1 h4 71. Nf3 h3+ 72. Kh2 Qg4 73. Nxd4
Bxd4 1/2-1/2

[Event "4. Moscu Open 2008"]
[Site "Moscu RUS"]
[Date "2008.02.05"]
[Round "4.2"]
[White "Riazantsev, Alexander"]
[Black "Nguyen, Ngoc Truong Son"]
[Result "1-0"]
[WhiteElo "2628"]
[BlackElo "2551"]
[PlyCount "111"]
[EventDate "2008.02.02"]
[EventType "swiss"]
[EventRounds "9"]
[EventCountry "RUS"]
[Source "lmi"]
[SourceDate "2008.02.02"]

1. d4 d5 2. c4 c6 3. Nf3 Nf6 4. Nc3 dxc4 5. a4 Bf5 6. e3 Nbd7 7. Bxc4 e6 8. O-O
Bb4 9. Nh4 O-O 10. Nxf5 exf5 11. Qc2 g6 12. f3 Nb6 13. Bb3 a5 14. Na2 Be7 15.
Rd1 Rc8 16. Bd2 f4 17. exf4 Qxd4+ 18. Kh1 Nbd5 19. f5 Qh4 20. Qc4 Qh5 21. g4
Qh3 22. Qf1 Qxf1+ 23. Rxf1 Rfe8 24. Rae1 b6 25. Nc3 Bb4 26. g5 Nh5 27. Nxd5
cxd5 28. Bxb4 axb4 29. fxg6 hxg6 30. Rxe8+ Rxe8 31. Bxd5 Nf4 32. Bc4 Rd8 33. b3
Rd2 34. Re1 Kf8 35. h4 Nh5 36. Kg1 Ng3 37. Re5 Nf5 38. Re4 Rd1+ 39. Kh2 Rd2+
40. Kh3 Rd1 41. Kh2 Rd2+ 42. Kh3 Rd1 43. Bb5 Nd4 44. Re8+ Kg7 45. Bc4 Nc6 46.
Re4 Kf8 47. Rf4 Ne5 48. Bb5 Rd2 49. Kg3 Ke7 50. Re4 Kd6 51. f4 Nc6 52. Bxc6
Kxc6 53. Rc4+ Kb7 54. Rxb4 Kc6 55. f5 gxf5 56. Kf4 1-0

[Event "4. Moscu Open 2008"]
[Site "Moscu RUS"]
[Date "2008.02.05"]
[Round "4.3"]
[White "Volkov, Sergey"]
[Black "Zherebukh, Yaroslav"]
[Result "1/2-1/2"]
[WhiteElo "2623"]
[BlackElo "2420"]
[PlyCount "105"]
[EventDate "2008.02.02"]
[EventType "swiss"]
[EventRounds "9"]
[EventCountry "RUS"]
[Source "lmi"]
[SourceDate "2008.02.02"]

1. d4 Nf6 2. c4 c5 3. d5 e6 4. Nc3 exd5 5. cxd5 d6 6. Nf3 g6 7. Nd2 Bg7 8. e4
O-O 9. Be2 Re8 10. O-O Nbd7 11. a4 Ne5 12. Re1 g5 13. Nf1 h6 14. Ng3 Ng6 15.
Be3 a6 16. h3 Bd7 17. a5 b5 18. axb6 Qxb6 19. Ra2 a5 20. Qc2 Nf4 21. Bf1 N6h5
22. Nxh5 Nxh5 23. Nb1 Nf4 24. h4 a4 25. hxg5 hxg5 26. Nd2 Qd8 27. Nc4 Bf8 28.
Ra3 Rb8 29. Bxf4 gxf4 30. Rf3 Qf6 31. g3 Bh6 32. Bg2 Rb4 33. Rc3 Kh8 34. Kh2
Bb5 35. e5 dxe5 36. Re4 Bxc4 37. Rcxc4 Rxc4 38. Rxc4 Rg8 39. Qc3 Rg5 40. Rxa4
Rf5 41. Ra8+ Kg7 42. Qxc5 fxg3+ 43. fxg3 Rf2 44. Qf8+ Kg6 45. Qa3 Qf5 46. Qa6+
Kg7 47. Qc8 Qh5+ 48. Qh3 Rxg2+ 49. Kxg2 Qe2+ 50. Kh1 Qe1+ 51. Kh2 Qe2+ 52. Qg2
Qh5+ 53. Qh3 1/2-1/2

[Event "4. Moscu Open 2008"]
[Site "Moscu RUS"]
[Date "2008.02.05"]
[Round "4.4"]
[White "Naumkin, Igor"]
[Black "Zvjaginsev, Vadim"]
[Result "1/2-1/2"]
[WhiteElo "2475"]
[BlackElo "2677"]
[PlyCount "48"]
[EventDate "2008.02.02"]
[EventType "swiss"]
[EventRounds "9"]
[EventCountry "RUS"]
[Source "lmi"]
[SourceDate "2008.02.02"]

1. d4 Nf6 2. c4 g6 3. Nc3 Bg7 4. e4 d6 5. Nf3 O-O 6. Be2 e5 7. O-O Nc6 8. d5
Ne7 9. b4 a5 10. bxa5 Rxa5 11. a4 Nd7 12. Ba3 Bh6 13. Nd2 f5 14. Nb3 Ra8 15. c5
Nf6 16. Nd2 Bxd2 17. Qxd2 Nxe4 18. Nxe4 fxe4 19. cxd6 cxd6 20. Qb4 Nf5 21. Qxe4
Nd4 22. Bd1 Bf5 23. Qe3 Bc2 24. Bb2 Bxd1 1/2-1/2

[Event "4. Moscu Open 2008"]
[Site "Moscu RUS"]
[Date "2008.02.05"]
[Round "4.5"]
[White "Timofeev, Artyom"]
[Black "Iordachescu, Viorel"]
[Result "1-0"]
[WhiteElo "2664"]
[BlackElo "2586"]
[PlyCount "63"]
[EventDate "2008.02.02"]
[EventType "swiss"]
[EventRounds "9"]
[EventCountry "RUS"]
[Source "lmi"]
[SourceDate "2008.02.02"]

1. d4 Nf6 2. c4 e6 3. Nc3 Bb4 4. f3 d5 5. a3 Be7 6. e4 O-O 7. e5 Nfd7 8. cxd5
Nb6 9. Bd3 Nxd5 10. Qc2 h6 11. Nxd5 exd5 12. f4 c5 13. f5 Bg5 14. Nf3 c4 15.
Be2 Bxc1 16. Rxc1 Nc6 17. O-O b5 18. f6 gxf6 19. Qd2 Kg7 20. exf6+ Qxf6 21. Ne5
Qe6 22. Rc3 Nxe5 23. dxe5 Qxe5 24. Re3 Qd6 25. Qd4+ f6 26. Bh5 Kh8 27. Bg6 Qb6
28. Qf4 Kg7 29. Bh5 Be6 30. Kh1 Bf7 31. Rg3+ Kh7 32. Qg4 1-0

[Event "4. Moscu Open 2008"]
[Site "Moscu RUS"]
[Date "2008.02.05"]
[Round "4.7"]
[White "Savchenko, Boris"]
[Black "Miroshnichenko, Evgenij"]
[Result "1-0"]
[WhiteElo "2589"]
[BlackElo "2647"]
[PlyCount "67"]
[EventDate "2008.02.02"]
[EventType "swiss"]
[EventRounds "9"]
[EventCountry "RUS"]
[Source "lmi"]
[SourceDate "2008.02.02"]

1. e4 c5 2. Nf3 d6 3. d4 cxd4 4. Nxd4 Nf6 5. Nc3 Nc6 6. Bc4 Qb6 7. Nxc6 bxc6 8.
O-O g6 9. Qe1 Qc5 10. b3 Bg7 11. Be3 Qh5 12. Be2 Qa5 13. Rd1 Ng4 14. Bd2 Qc7
15. f3 Nf6 16. f4 O-O 17. Qh4 a5 18. Kh1 a4 19. b4 a3 20. f5 d5 21. Bf4 Qb6 22.
e5 Qxb4 23. Qe1 Qc5 24. fxg6 hxg6 25. exf6 Bxf6 26. Bd2 Bg7 27. Bd3 e5 28. Ne4
dxe4 29. Bb4 Qd5 30. Bxe4 Qe6 31. Bxf8 Bxf8 32. Rd8 Ra4 33. Bxg6 Rf4 34. Bd3
1-0

[Event "4. Moscu Open 2008"]
[Site "Moscu RUS"]
[Date "2008.02.05"]
[Round "4.8"]
[White "Areshchenko, Alexander"]
[Black "Novikov, Stanislav"]
[Result "0-1"]
[WhiteElo "2645"]
[BlackElo "2545"]
[PlyCount "114"]
[EventDate "2008.02.02"]
[EventType "swiss"]
[EventRounds "9"]
[EventCountry "RUS"]
[Source "lmi"]
[SourceDate "2008.02.02"]

1. e4 c5 2. Nf3 e6 3. d4 cxd4 4. Nxd4 Nc6 5. Nc3 Qc7 6. Be3 Nf6 7. f4 Bb4 8.
Ndb5 Qa5 9. e5 Nd5 10. Bd2 Nxc3 11. Nxc3 Qb6 12. Bd3 Bxc3 13. Bxc3 Qe3+ 14. Qe2
Qxf4 15. g3 Qg5 16. Rg1 b6 17. h4 Qe7 18. O-O-O Bb7 19. Kb1 Nb4 20. a3 Nxd3 21.
Qxd3 a5 22. Bd4 Ra6 23. Qe3 Qd8 24. h5 O-O 25. h6 g6 26. Rgf1 Bd5 27. Rf4 Qc7
28. Rdf1 f5 29. exf6 Kf7 30. a4 Rb8 31. b3 b5 32. Qe2 Qc6 33. Bb2 Rab6 34. Qe5
bxa4 35. Rxa4 Rb5 36. Qc3 Rc5 37. Qd3 Rxc2 38. Qxc2 Qxc2+ 39. Kxc2 Bxb3+ 40.
Kd2 Bxa4 41. Bc3 Ra8 42. Ra1 Bc6 43. Bxa5 e5 44. Ke3 Kxf6 45. Rf1+ Ke6 46. Bb4
d5 47. Rc1 d4+ 48. Kd3 Rc8 49. Rc5 Bd7 50. Ra5 Kf6 51. Bd6 Rc3+ 52. Kd2 Re3 53.
Bb8 Bf5 54. Bc7 Rd3+ 55. Ke2 e4 56. Be5+ Ke6 57. Bf4 Bg4+ 0-1

[Event "4. Moscu Open 2008"]
[Site "Moscu RUS"]
[Date "2008.02.05"]
[Round "4.9"]
[White "Jobava, Baadur"]
[Black "Khairullin, Ildar"]
[Result "1-0"]
[WhiteElo "2643"]
[BlackElo "2544"]
[PlyCount "63"]
[EventDate "2008.02.02"]
[EventType "swiss"]
[EventRounds "9"]
[EventCountry "RUS"]
[Source "lmi"]
[SourceDate "2008.02.02"]

1. e4 c5 2. Nf3 Nc6 3. d4 cxd4 4. Nxd4 Nf6 5. Nc3 e5 6. Ndb5 d6 7. Bg5 a6 8.
Bxf6 gxf6 9. Na3 b5 10. Nd5 Bg7 11. Bd3 Ne7 12. Nxe7 Qxe7 13. c3 f5 14. Nc2 O-O
15. O-O Rb8 16. exf5 e4 17. Be2 Bxf5 18. Nb4 Qg5 19. Qxd6 Rfd8 20. Qg3 Qf6 21.
a4 a5 22. Nd5 Qe6 23. Nf4 Qb3 24. Nh5 Bg6 25. Nxg7 Kxg7 26. axb5 Qxb2 27. Bc4
Qd2 28. Rxa5 Rbc8 29. Ra2 Qd6 30. Qxd6 Rxd6 31. Ra4 Rd2 32. Rc1 1-0

[Event "4. Moscu Open 2008"]
[Site "Moscu RUS"]
[Date "2008.02.05"]
[Round "4.10"]
[White "Korobov, Anton"]
[Black "Moiseenko, Alexander"]
[Result "1/2-1/2"]
[WhiteElo "2573"]
[BlackElo "2643"]
[PlyCount "77"]
[EventDate "2008.02.02"]
[EventType "swiss"]
[EventRounds "9"]
[EventCountry "RUS"]
[Source "lmi"]
[SourceDate "2008.02.02"]

1. d4 Nf6 2. c4 e6 3. Nc3 Bb4 4. e3 O-O 5. Bd3 d5 6. Nf3 c5 7. O-O dxc4 8. Bxc4
Nbd7 9. a3 cxd4 10. axb4 dxc3 11. bxc3 Qc7 12. Be2 Nd5 13. Bb2 Nxc3 14. Qc2
Nxe2+ 15. Qxe2 Nb6 16. Rfc1 Qd8 17. Rd1 Bd7 18. Ne5 f6 19. Nxd7 Nxd7 20. Qb5
Rf7 21. Qxb7 Rb8 22. Qe4 Qe8 23. h3 Nf8 24. Ra5 Rc7 25. Ba3 Rd8 26. Rxd8 Qxd8
27. Rc5 Rd7 28. b5 Rd1+ 29. Kh2 Ra1 30. Qb4 Ra2 31. f4 h6 32. Qc3 Kh7 33. Bb2
Qd1 34. Rc7 e5 35. fxe5 Ne6 36. Qc4 Rxb2 37. Qxe6 Rxg2+ 38. Kxg2 Qe2+ 39. Kg3
1/2-1/2